Když se naštve chameleon : barevný průvodce po emoční džungli /

Main Author: Ježková, Renata, 1975-
Other Authors: Šíp Staňková, Zdeňka, 1980-, Földeši Jeřábková, Petra, 1988-
Language: Czech
Published: Bašť : Zdeňka Šíp Staňková - Děti jsou taky lidi, 2024
Subjects:
Online Access: Digitalizovaný dokument
Physical Description: 68 stran : barevné ilustrace ; 26 cm
Book
Saved in:
LEADER 02125nam a2200541 i 4500
001 nkc20243625776
003 CZ PrNK
005 20240925073343.0
007 ta
008 240906s2024 xr a a 000 j cze
015 |a cnb003625776 
020 |a 978-80-909186-0-3  |q (vázáno) 
035 |a (OCoLC)1459785139 
040 |a ABA001  |b cze  |e rda 
072 7 |a 821.162.3-3  |x Česká próza  |2 Konspekt  |9 25 
072 7 |a 821-93  |x Literatura pro děti a mládež (beletrie)  |2 Konspekt  |9 26 
080 |a 821.162.3-32  |2 MRF 
080 |a 821-93  |2 MRF 
080 |a 159.942  |2 MRF 
080 |a (0:82-321.7)  |2 MRF 
080 |a (084.11)  |2 MRF 
100 1 |a Ježková, Renata,  |d 1975-  |7 xx0301417  |4 aut 
245 1 0 |a Když se naštve chameleon :  |b barevný průvodce po emoční džungli /  |c Renata Ježková, Zdeňka Šíp Staňková ; ilustrovala Petra Földeši Jeřábková 
264 1 |a Bašť :  |b Zdeňka Šíp Staňková - Děti jsou taky lidi,  |c 2024 
300 |a 68 stran :  |b barevné ilustrace ;  |c 26 cm 
336 |a text  |b txt  |2 rdacontent 
336 |a statický obraz  |b sti  |2 rdacontent 
337 |a bez média  |b n  |2 rdamedia 
338 |a svazek  |b nc  |2 rdacarrier 
650 0 7 |a emoce  |7 ph114465  |2 czenas 
650 0 9 |a emotions  |2 eczenas 
655 7 |a české příběhy  |7 fd133973  |2 czenas 
655 7 |a didaktické příběhy  |7 fd132016  |2 czenas 
655 7 |a publikace pro děti  |7 fd133156  |2 czenas 
655 7 |a obrazové publikace  |7 fd132947  |2 czenas 
655 9 |a Czech stories  |2 eczenas 
655 9 |a didactic stories  |2 eczenas 
655 9 |a children's literature  |2 eczenas 
655 9 |a pictorial works  |2 eczenas 
700 1 |a Šíp Staňková, Zdeňka,  |d 1980-  |7 jo20221165113  |4 aut 
700 1 |a Földeši Jeřábková, Petra,  |d 1988-  |7 xx0322212  |4 ill 
856 4 1 |u http://www.digitalniknihovna.cz/mzk/uuid/uuid:a6a8cbc0-86d9-11ef-b350-5ef3fc9bb22f  |y Digitalizovaný dokument  |x NDK 
910 2 |a BOA001  |b 3-1531.460 
928 9 |a Děti jsou taky lidi 
990 |a BK 
995 |a 01 
991 |b 202409  |c NOV 
996 6 |b 2610978778  |c 3-1531.460  |l MZK  |r Sklad / do 1 hodiny  |n 8  |p p.v.  |w 001976258  |u 000010  |a 1  |e BOA001  |j MZK50  |s P